LEADER 01045nam0 2200277 450 001 000002365 005 20180910105846.0 100 $a20010108d1975----km-y0itay50------ba 101 0 $aita 102 $aIT 200 1 $aCorso di statistica economica$enozioni introduttive, numero indici dei prezzi, analisi delle serie temporali, analisi della domanda, produttivitą e funzioni della produzione$fGiuseppe de Meo 205 $a3. ed. 210 $aRoma$cEdizioni ricerche$d1975 215 $a367, V p.$d24 cm 307 $aIn testa al front.: Universitą degli studi di Roma, Facoltą di scienze statistiche demografiche e attuariali 451 0$1001000025834 500 10$aCorso di statistica economica$942962 610 1 $aStatistica economica 676 $a330.072 700 1$aDe Meo,$bGiuseppe$047958 801 0$aIT$bUNIPARTHENOPE$gRICA$2UNIMARC 912 $a000002365 951 $cNAVA4$a330/143 (1)$b19720$d20010110 951 $cNAVA4$a330/143$b19719$d20010110 996 $aCorso di statistica economica$942962 997 $aUNIPARTHENOPE LEADER 01113nam 2200373 450 001 9910798288503321 005 20230517233242.0 010 $a2-335-04975-5 035 $a(CKB)3710000000626676 035 $a(MiAaPQ)EBC5044549 035 $a(Au-PeEL)EBL5044549 035 $a(OCoLC)1086050911 035 $a(EXLCZ)993710000000626676 100 $a20191119d2015 uy 0 101 0 $afre 135 $aurcnu|||||||| 181 $ctxt$2rdacontent 182 $cc$2rdamedia 183 $acr$2rdacarrier 200 10$aAmphithe?a?tre des sciences mortes $ecomment on devient mage /$fLe Sa?r Me?rodack Jose?phin Peladan 210 1$a[Place of publication not identified] :$cLigaran,$d[2015] 210 4$d©2015 215 $a1 online resource (148 pages) 606 $aFrench literature 615 0$aFrench literature. 676 $a840.8 700 $aPe?ladan$b Jose?phin$f1858-1918,$0394477 801 0$bMiAaPQ 801 1$bMiAaPQ 801 2$bMiAaPQ 906 $aBOOK 912 $a9910798288503321 996 $aAmphithe?a?tre des sciences mortes$93735185 997 $aUNINA